000
00270nam a22001097a 4500
082
_a
720.284 PAL'M
100
_a
PALMER, R ROLAND,RICE, WILLIAM MAXWELL
_9
58109
245
_a
MODERN PHYSICS BUILDINGS
260
_a
NEWYORK
_b
REINHOLD
_c
1961
300
_a
324P
942
_c
BK
999
_c
568323
_d
568323